000 00782nam a2200241 a 4500
001 000030997
003 OSt
005 20260321073642.0
008 110609s2009 dr a 000 j spa d
040 _aDO-SdBNP
_bspa
_cBNPHU
082 _aRD863.44
_bB742mu
100 1 _a Bosch, Juan,
_d1909-2001
_976555
245 1 3 _aLa mujer en 8 cuentos de Juan Bosch /
_cJuan Bosch.
260 _aSanto Domingo :
_bSecretaría de la Mujer,
_c2009.
300 _a91 p. :
_bil. ;
_c22 cm.
500 _aAño del Centenario de Juan Bosch
590 _aInventariado, 2020/VM
650 0 _aCuentos dominicanos
_9176
650 0 _aLiteratura dominicana.
_967
710 1 _aRepública Dominicana
_bSecretaria de la Mujer.
_957505
910 _aValidado. Control de calidad MFF
942 _2ddc
_cLBS1
999 _c30489
_d30489